000 00254nam a2200109Ia 4500
008 190216s9999||||xx |||||||||||||| ||und||
100 _aSharma Gl & Nigam Bm
245 0 _aCost Accounting
260 _bKalyani Pub
_c1982
300 _a919p
942 _cBK
999 _c4851
_d4851